[Event "FRA-chT2C 0506"]
[Site "France"]
[Date "2006.04.01"]
[Round "10.6"]
[White "Leignel, Nicolas"]
[Black "Benmesbah, Natacha"]
[Result "0-1"]
[WhiteElo "2178"]
[BlackElo "2145"]
[PlyCount "104"]
[EventDate "2005.10.27"]
[EventType "team"]
[EventRounds "11"]
[EventCountry "FRA"]
[SourceTitle "EXT 2006"]
[Source "ChessBase"]
[SourceDate "2005.11.24"]
[SourceVersion "1"]
[SourceVersionDate "2005.11.24"]
[SourceQuality "1"]

1. e4 c5 2. c3 d5 3. exd5 Qxd5 4. d4 e6 5. Na3 Nf6 6. Nf3 Nc6 7. Nb5 Qd8 8. dxc5 Bxc5 9. Qxd8+ Kxd8 10. b4 Bb6 11. Be2 Ne4 12. Ng5 Nxg5 13. Bxg5+ f6 14. Rd1+ Ke7 15. Bc1 Bd7 16. Nd6 Nd4 17. cxd4 Kxd6 18. b5 Ba5+ 19. Bd2 Bxd2+ 20. Rxd2 a6 21. bxa6 b5 22. 0-0 Rxa6 23. Bf3 Ra4 24. Bd1 Rc4 25. Bb3 Rc3 26. f4 Bc6 27. f5 exf5 28. Rxf5 Re8 29. Kf2 Ree3 30. d5 Bd7 31. Rf4 Red3 32. Rxd3 Rxd3 33. Ke2 Rc3 34. Re4 Rc8 35. Ke3 Bf5 36. Rd4 Re8+ 37. Kf4 Bd7 38. Rd2 Re5 39. Rc2 g5+ 40. Kf3 h5 41. h3 h4 42. Rc1 f5 43. Kf2 g4 44. hxg4 fxg4 45. Rh1 g3+ 46. Kf3 Rh5 47. Kf4 Rh8 48. Kf3 Rf8+ 49. Ke3 h3 50. Bc2 hxg2 51. Rg1 Bh3 52. Bd3 Rf1 0-1

[Event "FRA-chT2C 0506"]
[Site "France"]
[Date "2006.01.14"]
[Round "5.3"]
[White "Suarez Real, Alberto"]
[Black "Leignel, Nicolas"]
[Result "0-1"]
[WhiteElo "2369"]
[BlackElo "2170"]
[PlyCount "150"]
[EventDate "2005.10.27"]
[EventType "team"]
[EventRounds "11"]
[EventCountry "FRA"]
[SourceTitle "EXT 2006"]
[Source "ChessBase"]
[SourceDate "2005.11.24"]
[SourceVersion "1"]
[SourceVersionDate "2005.11.24"]
[SourceQuality "1"]
[WhiteTeam "Nice II"]
[WhiteTeamCountry "FRA"]

1. e4 e5 2. Nf3 Nf6 3. d4 Nxe4 4. dxe5 d5 5. Nbd2 Nc5 6. Nb3 Bg4 7. h3 Bxf3 8. Qxf3 c6 9. Be3 Nbd7 10. 0-0-0 Nxb3+ 11. axb3 Nxe5 12. Qf5 Qf6 13. Qxf6 gxf6 14. f4 Nd7 15. c4 Bc5 16. Bxc5 Nxc5 17. cxd5 0-0-0 18. Bc4 b5 19. Be2 cxd5 20. Bxb5 Nxb3+ 21. Kb1 Kc7 22. Rhe1 Kb6 23. Be2 Rhe8 24. Bh5 Rxe1 25. Rxe1 Rd7 26. Kc2 Nc5 27. b4 Ne6 28. g3 Kb5 29. Kb3 d4 30. Bxf7 Rxf7 31. Rxe6 Rc7 32. Rxf6 Rc3+ 33. Kb2 Rxg3 34. f5 Kxb4 35. Rh6 Rg2+ 36. Kc1 Rf2 37. Rxh7 a5 38. Ra7 a4 39. f6 Rxf6 40. Kc2 Rf3 41. Rb7+ Kc5 42. Rc7+ Kd5 43. Rd7+ Ke5 44. Re7+ Kd6 45. Ra7 a3 46. h4 Rc3+ 47. Kd2 Ke5 48. h5 Rh3 49. Kc2 Ke4 50. Re7+ Kf4 51. Ra7 Kg5 52. Ra5+ Kh6 53. Ra4 d3+ 54. Kc3 Kxh5 55. Ra8 Kg4 56. Rg8+ Kf4 57. Rf8+ Ke3 58. Re8+ Kf2 59. Kd2 a2 60. Ra8 Re3 61. Rf8+ Kg2 62. Ra8 Kf2 63. Rf8+ Rf3 64. Ra8 Kf1 65. Ra7 Kg2 66. Rg7+ Kh3 67. Rh7+ Kg4 68. Rg7+ Kf4 69. Rf7+ Ke4 70. Re7+ Kd4 71. Rd7+ Kc4 72. Rc7+ Kd5 73. Rc1 Kd4 74. Rf1 Re3 75. Ra1 Re2+ 0-1

[Event "FRA-chT2C 0506"]
[Site "France"]
[Date "2005.11.19"]
[Round "2.3"]
[White "Leignel, Nicolas"]
[Black "Wannebroucq, Sebastien"]
[Result "1-0"]
[WhiteElo "2170"]
[BlackElo "2178"]
[PlyCount "52"]
[EventDate "2005.10.27"]
[EventType "team"]
[EventRounds "11"]
[EventCountry "FRA"]
[SourceTitle "EXT 2006"]
[Source "ChessBase"]
[SourceDate "2005.11.24"]
[SourceVersion "1"]
[SourceVersionDate "2005.11.24"]
[SourceQuality "1"]

1. e4 c5 2. c3 Nf6 3. e5 Nd5 4. d4 cxd4 5. Bc4 e6 6. Bxd5 exd5 7. Qxd4 Nc6 8. Qxd5 d6 9. exd6 Bxd6 10. Bg5 Qc7 11. Nf3 0-0 12. 0-0 Be6 13. Qe4 Rfe8 14. Qa4 b5 15. Qxb5 Rab8 16. Qa4 Rxb2 17. Nbd2 Bd7 18. Be3 a5 19. Qh4 Ne7 20. Qc4 Nc6 21. Rfb1 Reb8 22. Rxb2 Rxb2 23. Ne4 Be6 24. Qd3 Ne5 25. Qxd6 Nxf3+ 26. gxf3 Qb7 1-0

[Event "FRA-chT2 0405"]
[Site "France"]
[Date "2005.03.13"]
[Round "9.6"]
[White "Bouhlel, Mohamed Ali"]
[Black "Leignel, Nicolas"]
[Result "0-1"]
[WhiteElo "2188"]
[BlackElo "2153"]
[PlyCount "77"]
[EventDate "2004.10.10"]
[EventType "team"]
[EventRounds "11"]
[EventCountry "FRA"]
[SourceTitle "EXT 2006"]
[Source "ChessBase"]
[SourceDate "2005.11.24"]
[SourceVersion "1"]
[SourceVersionDate "2005.11.24"]
[SourceQuality "1"]
[WhiteTeam "Echiquier Nicois  II"]
[BlackTeam "Grenoble"]
[WhiteTeamCountry "FRA"]
[BlackTeamCountry "FRA"]

1. e4 d6 2. d4 Nf6 3. Nc3 e5 4. dxe5 dxe5 5. Qxd8+ Kxd8 6. Nf3 Bd6 7. Bg5 Be6 8. 0-0-0 h6 9. Bh4 Nbd7 10. Bb5 g5 11. Bg3 Ke7 12. Bxd7 Nxd7 13. Nd5+ Bxd5 14. Rxd5 f6 15. Rhd1 Rhd8 16. Ng1 Nc5 17. f3 Ne6 18. Ne2 c6 19. R5d3 Bc5 20. c3 b5 21. Kc2 Rxd3 22. Rxd3 a5 23. Be1 Bb6 24. Rd1 h5 25. Ng3 Ng7 26. h3 Ke6 27. a4 bxa4 28. Ra1 h4 29. Ne2 Nh5 30. Rxa4 Nf4 31. Nxf4+ gxf4 32. Bxh4 Rg8 33. Rc4 Rxg2+ 34. Kd3 Kd6 35. b4 Rg3 36. bxa5 Rxf3+ 37. Kc2 Bxa5 38. Bxf6 Rxh3 39. Bg7 0-1

[Event "FRA-chT2 0405"]
[Site "France"]
[Date "2005.02.06"]
[Round "7.6"]
[White "Gelis, Dorian"]
[Black "Leignel, Nicolas"]
[Result "1/2-1/2"]
[WhiteElo "2172"]
[BlackElo "2153"]
[PlyCount "113"]
[EventDate "2004.10.10"]
[EventType "team"]
[EventRounds "11"]
[EventCountry "FRA"]
[SourceTitle "EXT 2006"]
[Source "ChessBase"]
[SourceDate "2005.11.24"]
[SourceVersion "1"]
[SourceVersionDate "2005.11.24"]
[SourceQuality "1"]
[WhiteTeam "Montpellier  II"]
[BlackTeam "Grenoble"]
[WhiteTeamCountry "FRA"]
[BlackTeamCountry "FRA"]

1. e4 d6 2. d4 Nf6 3. Nc3 Nbd7 4. f4 e5 5. Nf3 exd4 6. Nxd4 Be7 7. Be2 Nb6 8. 0-0 d5 9. e5 Ne4 10. Nxe4 dxe4 11. Nb5 Bd7 12. Nc3 Bc6 13. a3 0-0 14. Kh1 f5 15. Be3 Qe8 16. Qe1 Rd8 17. g4 fxg4 18. Bxg4 Kh8 19. Qe2 Nd5 20. Nxd5 Rxd5 21. Be6 Rb5 22. c4 Rb3 23. Bh3 Bc5 24. Bxc5 Rxh3 25. Be3 Qe6 26. Rad1 b6 27. Rg1 Be8 28. Rd8 Qe7 29. Qd2 Bh5 30. Rxf8+ Qxf8 31. Rg3 Bf3+ 32. Kg1 Rxg3+ 33. hxg3 Qc8 34. e6 h6 35. Qd5 Qe8 36. Kf2 Qh5 37. Qxh5 Bxh5 38. f5 Kg8 39. Bf4 Bg4 40. Bxc7 Bxf5 41. e7 Kf7 42. Bd6 g5 43. Ke3 h5 44. b4 h4 45. gxh4 gxh4 46. c5 bxc5 47. bxc5 h3 48. Kf2 Ke8 49. c6 Be6 50. Kg3 Bc8 51. Kf2 Be6 52. Ke3 Bd5 53. c7 Bb7 54. Kd4 h2 55. Bxh2 Kxe7 56. c8Q Bxc8 57. Kxe4 1/2-1/2

[Event "FRA-chT2 0405"]
[Site "France"]
[Date "2004.11.06"]
[Round "2.4"]
[White "Djoudi, Amar"]
[Black "Leignel, Nicolas"]
[Result "0-1"]
[WhiteElo "2153"]
[BlackElo "2153"]
[PlyCount "38"]
[EventDate "2004.10.10"]
[EventType "team"]
[EventRounds "11"]
[EventCountry "FRA"]
[SourceTitle "EXT 2006"]
[Source "ChessBase"]
[SourceDate "2005.11.24"]
[SourceVersion "1"]
[SourceVersionDate "2005.11.24"]
[SourceQuality "1"]

1. f4 Nf6 2. Nf3 g6 3. g3 Bg7 4. Bg2 d5 5. 0-0 c5 6. e3 Bg4 7. c4 Nc6 8. cxd5 Nxd5 9. Qb3 0-0 10. a3 Nb6 11. d3 e5 12. Nbd2 exf4 13. gxf4 Qe7 14. Nc4 Nxc4 15. Qxc4 Rad8 16. h3 Be6 17. Qc2 Qd7 18. Kh2 Qxd3 19. Qxc5 Rd5 0-1

[Event "FRA-chT2S"]
[Site "France"]
[Date "2002.11.17"]
[Round "3.3"]
[White "Benmesbah, Stephane"]
[Black "Leignel, Nicolas"]
[Result "1-0"]
[WhiteElo "2232"]
[BlackElo "2142"]
[PlyCount "33"]
[EventDate "2002.10.??"]
[EventType "team"]
[EventRounds "11"]
[EventCountry "FRA"]
[SourceTitle "EXT 2004"]
[Source "ChessBase"]
[SourceDate "2003.11.25"]
[SourceVersion "1"]
[SourceVersionDate "2003.11.25"]
[SourceQuality "1"]

1. e4 d6 2. d4 Nf6 3. Bd3 e5 4. Nf3 Nc6 5. c3 d5 6. Bb5 Bg4 7. Qa4 Bxf3 8. gxf3 exd4 9. cxd4 Qd7 10. Nc3 a6 11. Be3 Bb4 12. 0-0-0 Bxc3 13. bxc3 0-0-0 14. Bxa6 Na7 15. Qxd7+ Rxd7 16. Bd3 Re8 17. e5 1-0

[Event "FRA-chT2S"]
[Site "France"]
[Date "2002.11.16"]
[Round "2.3"]
[White "Leignel, Nicolas"]
[Black "Tugaye, Francis"]
[Result "1-0"]
[WhiteElo "2142"]
[BlackElo "2157"]
[PlyCount "87"]
[EventDate "2002.10.??"]
[EventType "team"]
[EventRounds "11"]
[EventCountry "FRA"]
[SourceTitle "EXT 2004"]
[Source "ChessBase"]
[SourceDate "2003.11.25"]
[SourceVersion "1"]
[SourceVersionDate "2003.11.25"]
[SourceQuality "1"]

1. e4 c5 2. c3 Nf6 3. e5 Nd5 4. d4 cxd4 5. Bc4 Nb6 6. Bb3 Nc6 7. Nf3 d5 8. exd6 Qxd6 9. 0-0 Be6 10. Bxe6 Qxe6 11. Nxd4 Nxd4 12. Qxd4 Rd8 13. Qh4 Rd5 14. Be3 g6 15. c4 Rd3 16. Nc3 Bg7 17. Bxb6 Bxc3 18. Bxa7 Bg7 19. Rae1 Qf6 20. Qxf6 Bxf6 21. Rd1 Rd7 22. b4 Rc7 23. c5 Bc3 24. b5 e5 25. Rd6 Bd4 26. Re1 0-0 27. Bb6 Rcc8 28. Rc1 Ra8 29. c6 bxc6 30. Bxd4 exd4 31. bxc6 Rfc8 32. c7 Kg7 33. Rxd4 Rxa2 34. Kf1 Ra7 35. Rd7 Kf6 36. Rc6+ Ke5 37. Rxf7 Kd5 38. Rc2 h5 39. Ke2 Ke6 40. Rh7 Rb7 41. Kf3 Rb3+ 42. Kf4 Rb4+ 43. Kg3 Ra4 44. Rc6+ 1-0

[Event "FRA-chT2S"]
[Site "France"]
[Date "2002.10.13"]
[Round "1.4"]
[White "Simonet Pons, Marc"]
[Black "Leignel, Nicolas"]
[Result "1-0"]
[WhiteElo "2304"]
[BlackElo "2142"]
[PlyCount "63"]
[EventDate "2002.10.??"]
[EventType "team"]
[EventRounds "11"]
[EventCountry "FRA"]
[SourceTitle "EXT 2004"]
[Source "ChessBase"]
[SourceDate "2003.11.25"]
[SourceVersion "1"]
[SourceVersionDate "2003.11.25"]
[SourceQuality "1"]

1. d4 Nf6 2. c4 e6 3. Nc3 Bb4 4. e3 0-0 5. Bd3 c5 6. Nf3 d5 7. 0-0 Nc6 8. a3 Bxc3 9. bxc3 Qc7 10. cxd5 exd5 11. a4 Re8 12. Ba3 c4 13. Bc2 Ne4 14. Bxe4 Rxe4 15. Nd2 Rh4 16. g3 Rg4 17. e4 dxe4 18. Nxc4 Rg6 19. Ne3 Bh3 20. Re1 Rd8 21. Qh5 Qc8 22. Rab1 Rh6 23. Qg5 f5 24. Rb5 Rxd4 25. Nxf5 Rg6 26. Ne7+ Nxe7 27. Qxe7 Rxa4 28. Rd1 Rxa3 29. Rd8+ Qxd8 30. Qxd8+ Kf7 31. Rxb7+ Ke6 32. Qe7+ 1-0

[Event "FRA-chT2"]
[Site "France"]
[Date "2002.03.09"]
[Round "8"]
[White "Amigues, Emmanuel"]
[Black "Leignel, Nicolas"]
[Result "1-0"]
[WhiteElo "2237"]
[BlackElo "2129"]
[PlyCount "127"]
[EventDate "2002.??.??"]
[EventType "team"]
[EventRounds "11"]
[EventCountry "FRA"]
[SourceTitle "EXT 2003"]
[Source "ChessBase"]
[SourceDate "2002.11.25"]
[SourceVersion "1"]
[SourceVersionDate "2002.11.25"]
[SourceQuality "1"]

1. d4 Nf6 2. Nf3 e6 3. Bg5 Be7 4. Nbd2 d5 5. e3 0-0 6. Bd3 c5 7. c3 b6 8. Ne5 h6 9. Bf4 Ba6 10. Nc6 Qe8 11. Bxa6 Nxa6 12. Nxe7+ Qxe7 13. 0-0 Rac8 14. a4 Rfd8 15. Qe2 Qb7 16. Kh1 cxd4 17. exd4 Nc7 18. Rfe1 Nce8 19. Qf3 a6 20. g4 Ne4 21. Nxe4 dxe4 22. Rxe4 Nf6 23. Re3 Qxf3+ 24. Rxf3 g5 25. Bxg5 hxg5 26. Rxf6 Kg7 27. Rf3 Kg6 28. Kg2 Rd5 29. Re3 Ra5 30. b4 Rd5 31. Kg3 Rc4 32. h4 gxh4+ 33. Kxh4 a5 34. b5 Rd8 35. Ra3 Rh8+ 36. Kg3 Rh1 37. Kf4 Rf1 38. f3 Rf2 39. Ke4 Kg5 40. Re1 Rc8 41. Rc1 f5+ 42. Ke5 Rd8 43. Re1 Rxf3 44. gxf5 Rxf5+ 45. Ke4 Rh8 46. Re3 Rh2 47. Kd3 Kf6 48. Ra1 Rff2 49. Rae1 Rd2+ 50. Kc4 Ra2 51. Rxe6+ Kf5 52. R1e5+ Kf4 53. Rf6+ Kg4 54. Rxb6 Rxa4+ 55. Kd5 Ra3 56. Rg6+ Kf4 57. Rf6+ Kg4 58. Rc6 Rb2 59. c4 a4 60. Ra6 Rb4 61. Kc5 Rb2 62. Re8 Rf2 63. Rg6+ Kh5 64. Rg1 1-0

[Event "FRA-chT2"]
[Site "France"]
[Date "2001.12.09"]
[Round "4"]
[White "Safranska, Anda"]
[Black "Leignel, Nicolas"]
[Result "1-0"]
[WhiteElo "2302"]
[BlackElo "2129"]
[PlyCount "101"]
[EventDate "2002.??.??"]
[EventType "team"]
[EventRounds "11"]
[EventCountry "FRA"]
[SourceTitle "EXT 2003"]
[Source "ChessBase"]
[SourceDate "2002.11.25"]
[SourceVersion "1"]
[SourceVersionDate "2002.11.25"]
[SourceQuality "1"]

1. e4 d6 2. d4 Nf6 3. Nc3 g6 4. g3 Bg7 5. Bg2 0-0 6. Nge2 e5 7. h3 Nc6 8. Be3 exd4 9. Nxd4 Bd7 10. Nde2 Re8 11. 0-0 b5 12. a3 a5 13. g4 Ne5 14. b3 b4 15. axb4 axb4 16. Rxa8 Qxa8 17. Nd5 Nxd5 18. exd5 Bb5 19. Re1 c5 20. Qd2 Qa2 21. Ng3 Nd7 22. Ne4 Rxe4 23. Bxe4 Bc3 24. Qd1 Bxe1 25. Qxe1 Nf6 26. Bf4 Nxe4 27. Qxe4 Qa1+ 28. Kh2 Qf6 29. g5 Qd8 30. Qe3 Kf8 31. Qg3 Ke7 32. c4 Ba6 33. Qg1 Qd7 34. Qa1 Qf5 35. Bxd6+ Kxd6 36. Qxa6+ Ke5 37. Qa1+ Kd6 38. Qg1 Ke7 39. Qe1+ Kd7 40. Qe3 Kd8 41. Kg3 Kd7 42. f3 f6 43. h4 fxg5 44. hxg5 Qb1 45. Qe6+ Kd8 46. Qb6+ Ke8 47. Qc6+ Kd8 48. Qxc5 Qxb3 49. d6 Ke8 50. Qc8+ Kf7 51. Qd7+ 1-0

[Event "Bethune-B"]
[Site "Bethune"]
[Date "2001.??.??"]
[Round "?"]
[White "Flinois, Patrice"]
[Black "Leignel, Nicolas"]
[Result "1/2-1/2"]
[WhiteElo "1940"]
[BlackElo "2115"]
[PlyCount "40"]
[EventDate "2001.??.??"]
[EventType "schev"]
[EventRounds "10"]
[EventCountry "FRA"]
[SourceTitle "EXT 2003"]
[Source "ChessBase"]
[SourceDate "2002.11.25"]
[SourceVersion "1"]
[SourceVersionDate "2002.11.25"]
[SourceQuality "1"]

1. d4 Nf6 2. Nf3 g6 3. Bf4 Bg7 4. Nbd2 0-0 5. c3 d6 6. e4 Nh5 7. Bg5 Qe8 8. Be2 h6 9. Be3 e5 10. dxe5 dxe5 11. Bc5 Nd7 12. Bxf8 Nxf8 13. Nh4 Nf4 14. g3 Nxe2 15. Qxe2 Bh3 16. f3 Ne6 17. 0-0-0 Nc5 18. Qc4 b6 19. Qe2 Be6 20. b3 a5 1/2-1/2

[Event "Feignies op"]
[Site "Feignies"]
[Date "2000.??.??"]
[Round "?"]
[White "Leignel, Nicolas"]
[Black "Wallart, Adrien"]
[Result "0-1"]
[WhiteElo "2082"]
[BlackElo "2156"]
[PlyCount "72"]
[EventDate "2000.??.??"]
[EventType "swiss"]
[EventRounds "7"]
[EventCountry "FRA"]
[SourceTitle "EXT 2003"]
[Source "ChessBase"]
[SourceDate "2002.11.25"]
[SourceVersion "1"]
[SourceVersionDate "2002.11.25"]
[SourceQuality "1"]

1. e4 c5 2. d4 cxd4 3. c3 d3 4. Bxd3 Nc6 5. c4 g6 6. Bd2 d6 7. Bc3 Nf6 8. Bxf6 exf6 9. Nc3 Bg7 10. Nge2 0-0 11. 0-0 Ne5 12. Rc1 f5 13. b3 Nxd3 14. Qxd3 Qa5 15. Rfd1 Re8 16. Qc2 fxe4 17. Nxe4 Qe5 18. N2g3 Bg4 19. f3 Be6 20. Nxd6 Re7 21. c5 Bh6 22. Rb1 Be3+ 23. Kh1 Qxc5 24. Qxc5 Bxc5 25. Nge4 Bb4 26. Rd4 a5 27. Ng5 Rd8 28. Nxe6 Rxe6 29. Nb5 Rde8 30. h4 Re2 31. a4 Ra2 32. Rbd1 Ree2 33. Rg4 h5 34. Rg5 Kg7 35. Rd7 Bd2 36. Rc5 Ra1+ 0-1